000
00326nam a22001217a 4500
008
190313b xxu||||| |||| 00| 0 eng d
041
_a
eng
080
_a
043.3
100
_a
0
101
_a
SHP-BA
245
_a
Roli i Diplomacisë Politike në Politikën e jashtme të Shtetit-Rasti i Kosovës
_c
Reshani,Sh
942
_2
udc
_c
BK
999
_c
54744
_d
54744